Základy psychologie pro ekonomy
Na minha lista:
| Autor principal: | |
|---|---|
| Autor Corporativo: | |
| Outros Autores: | , |
| Formato: | Livro |
| Idioma: | tcheco |
| Publicado em: |
Praha
Státní pedagogické nakladatelství
1969
|
| Colecção: | Učební texty vysokých škol
|
| Tags: |
Sem tags, seja o primeiro a adicionar uma tag!
|
MARC
| LEADER | 00000nam a2200000 4500 | ||
|---|---|---|---|
| 001 | c122509 | ||
| 005 | 20190423075918.1 | ||
| 041 | 0 | |a cze | |
| 044 | |a CZ | ||
| 245 | 1 | 0 | |a Základy psychologie pro ekonomy |c Jan Kučera, Eva Bidlová, Jiří Růžička |
| 264 | 1 | |a Praha |b Státní pedagogické nakladatelství |c 1969 | |
| 300 | |a 252 s. | ||
| 490 | 1 | |a Učební texty vysokých škol | |
| 830 | 0 | |a Učební texty vysokých škol | |
| 100 | 1 | |a Kučera, Jan | |
| 700 | 1 | |a Bidlová, Eva | |
| 700 | 1 | |a Růžička, Jiří | |
| 710 | 2 | |a Vysoká škola ekonomická v Praze. Fakulta řízení | |